| 000 | 003420000a22000970004500 | ||
|---|---|---|---|
| 100 | 1 | _aHurvitz, Avi | |
| 245 | 1 | 0 | _aThe historical quest for "ancient Israel" and the linguistic evidence of the hebrew Bible : Some methodological observations |
| 300 | _aVol. 47, Num 3 (Julio, 1997), Páginas 301-315 | ||
| 773 | 0 | _tVetus Testamentum | |
| 942 | _cANA | ||
| 999 |
_c58120 _d58120 |
||